Politika stabilizácie ekonomiky Slovenskej republiky a obnova jej rovnováhy (grantový projekt: Objektívne súvislosti niektorých kľúčových prierezových oblastí hospodárskej a sociálnej politiky SR v najbližšom období)

Enregistré dans:
Détails bibliographiques
Auteur principal: Prachár, Ivan
Format: Livre
Langue:slovaque
Publié: Bratislava Prognostický ústav SAV 1992
Collection:Štúdie č. 2
Sujets:
Tags: Ajouter un tag
Pas de tags, Soyez le premier à ajouter un tag!

MARC

LEADER 00000nam a2200000 4500
001 c124992
005 20221124121143.5
022 |a 0862-9137 
041 0 |a slo 
044 |a SK 
245 1 0 |a Politika stabilizácie ekonomiky Slovenskej republiky a obnova jej rovnováhy  |b (grantový projekt: Objektívne súvislosti niektorých kľúčových prierezových oblastí hospodárskej a sociálnej politiky SR v najbližšom období)  |c Ivan Prachár 
264 1 |a Bratislava  |b Prognostický ústav SAV  |c 1992 
300 |a 91 s. 
490 1 |a Štúdie  |v č. 2 
830 0 |a Štúdie  |v č. 2 
610 2 0 |a stabilizácia hospodárstva 
610 2 0 |a politika hospodárska 
610 2 0 |a rovnováha hospodárska 
610 2 0 |a Slovensko 
100 1 |a Prachár, Ivan